000 00677nam a2200193 a 4500
001 000036139
005 20200930074919.0
008 101014s1944 ht 000 0 cpf d
040 _aDO-SdBNP
_bspa
_cBNPHU
082 _axxxx
_bR859g
100 1 _aRoumain, Jacques,
_d1907-
_962175
245 1 0 _aGouverneurs de la Rosée :
_broman /
_cJacques Roumain.
260 _aPort-au-Prince :
_bFardin,
_c1944.
300 _axiv, 321 p. ;
_c19 cm.
490 1 _aIndigene
500 _aIncluye datos biográficos de la autor
504 _aIncluye referencias bibliográficas y notas al pie de las páginas
590 _aPerteneció a la biblioteca personal de Juan Isidro Jimenes Grullón
999 _c35630
_d35630